000 00779cam a2200241 a 4500
001 42914
003 BD-RJUL
005 20211209053621.0
008 160618r19641959enkad b 001 0 eng d
035 _aBD-RJUL 43032
040 _aMIA
_cMIA
_beng
_dBD-RJUL
041 _aeng
082 _223
_a510
_bLEI 1964
100 1 _aLewis, J. Parry
_q(John Parry),
_d1927-
_9131798
245 1 3 _aAn introduction to mathematics for students of economics /
_cJ. Parry Lewis.
246 3 0 _aMathematics for students of economics.
250 _a1st edi.
260 _aLondon ; New York :
_bMacmillan ; St. Martin's Press,
_c1959 [reprinted 1961-1964]
300 _ax, 394 p. :
_bill. ;
_c23 cm.
504 _aIncludes bibliography.
650 0 _aMathematics.
_9131799
942 _2ddc
_cBK
999 _c42914
_d42914